| 000 | 00000nam 2200000za 4500 |
| 001 | 9.579369 |
| 003 | CaOODSP |
| 005 | 20230324133514 |
| 007 | cr ||||||||||| |
| 008 | 150406|2002||||xxc|||||o f|0| 0 eng d |
| 040 | |aCaOODSP|beng |
| 043 | |an-cn--- |
| 086 | 1 |aEn4-17/2002E-PDF |
| 110 | 2 |aSt. Lawrence Centre. |
| 245 | 10|aToxic contamination in sediments : |h[electronic resource]|bLake Saint-François - a century-old story / |cprepared by Magella Pelletier. |
| 260 | |aSainte-Foy - Quebec : |bEnvironment Canada. |cc2002. |
| 300 | |a6p.|bcoloured maps, graphs, photographs |
| 500 | |aThe catalogue number (En4-17/2002E) and ISBN (0-662-33252-0) for the print edition have been incorrectly copied in this electronic publication. |
| 504 | |aBibliography. |
| 590 | |a14-21-Supp|b2014-12-11 |
| 690 | 07|aLakes|2gcpds |
| 690 | 07|aToxic substances|2gcpds |
| 690 | 07|aEnvironmental management|2gcpds |
| 775 | 08|tLa contamination des sédiments par les toxiques : |w(CaOODSP)9.606875 |
| 856 | 40|ahttp://publications.gc.ca|qPDF|s1017 KB|uhttps://publications.gc.ca/collections/collection_2014/ec/En4-17-2002-eng.pdf |
| 986 | |aEnvirodoq: ENV/2002/0345A |